Statystyki dla Dzielnice Krakowa

Kliknij tutaj aby rozwiązać quiz!

Ogólne statystyki

  • Ten quiz został rozwiązany 31 razy
  • Średni wynik to 11 z 18

Statystyki odpowiedzi

NumerNazwa% Poprawnych
18Nowa Huta
97%
1Stare Miasto
90%
6Bronowice
83%
13Podgórze
70%
4Prądnik Biały
70%
5Krowodrza
67%
15Mistrzejowice
63%
3Prądnik Czerwony
63%
14Czyżyny
57%
7Zwierzyniec
57%
8Dębniki
53%
11Podgórze Duchackie
50%
16Bieńczyce
47%
12Bieżanów-Prokocim
47%
2Grzegórzki
47%
10Swoszowice
47%
17Wzgórza Krzesławickie
43%
9Łagiewniki-Borek Fałęcki
30%

Rozkład punktacji

Percentyl według liczby udzielonych odpowiedzi

Procent ludzi z każdym wynikiem

Twoja historia wyników

Nie rozwiązałeś tego quizu